| 000 | 00736nam a22002175i 4500 | ||
|---|---|---|---|
| 001 | 175068 | ||
| 003 | ES-MaACL | ||
| 005 | 20250815103922.0 | ||
| 008 | 101004s1948 sp |||| | spa d | ||
| 080 | _a514.7 | ||
| 100 | 1 |
_aBotella Raduán, Francisco. _9143429 |
|
| 245 | 1 | 0 |
_aGeometría diferencial de los espacios / _cpor F. Botella Raduán. |
| 260 |
_a[Madrid] : _bInstituto "Jorge Juan" de Matemáticas, _c1948. |
||
| 300 |
_aVII, 99 p. ; _c26 cm. |
||
| 490 | 1 |
_aMonografías de ciencia moderna ; _v14 |
|
| 650 | 0 | 4 |
_aGeometría diferencial. _9143430 |
| 710 | 2 |
_aInstituto "Jorge Juan" _95107 |
|
| 830 | 0 |
_aMonografías de ciencia moderna _v14 _9189470 |
|
| 852 |
_aES-MaACL _jE-13280 _xP-555 bis |
||
| 999 |
_c175068 _d175068 |
||